000
00181nam a2200073Ia 4500
008
170524s9999 xx 000 0 und d
100
_a
BOLT- G
245
0
_a
MARKETS & SALES FOR CASTING
260
_b
PRAGATI PRAKASHAN
999
_c
7907
_d
7907